Merging Countries - China and India - Statistics

General Stats
  • This quiz has been taken 109 times
  • The average score is 19 of 26
Answer Stats
Hint Answer % Correct
Beijing
92%
Delhi
92%
Mumbai
89%
Hindi
87%
Bordering Oceans Indian Ocean
86%
Shanghai
86%
Longest Borders Mongolia
84%
Most Popular Religion Hinduism
82%
Pakistan
82%
Russia
82%
Longest Mountain Range Himalayas
81%
Most Spoken Languages Mandarin
80%
Pacific Ocean
79%
Bengali
78%
Largest Cities Guangzhou
78%
Largest Trading Partner United States
76%
Largest Desert Gobi
73%
Yellow
72%
Myanmar
69%
Highest Mountain Everest
64%
Longest Rivers Yangtze
62%
Nepal
61%
Enclaves Bhutan
54%
Largest Island Hainan
51%
Tallest Building Shanghai Tower
24%
Mekong
16%
No matching quizzes found
Score Distribution
Percent of People with Each Score
Percentile by Number Answered
Your Score History
You have not taken this quiz